Car Quiz (Supercar Edition) - Statistics

General Stats
  • This quiz has been taken 231 times
    225 since last reset
  • The average score is 8 of 16
Answer Stats
Picture Answer % Correct
Pagani
89%
Lamborghini
81%
Bugatti
79%
Mclaren
79%
Aston Martin
68%
Koenigsegg
68%
Zenvo
58%
{W} Motors
54%
Rimac
51%
Saleen
47%
Ultima
37%
Noble
34%
{GTA} Motors
27%
Italdesign
27%
Mosler
26%
Ginetta
14%
No matching quizzes found
Score Distribution
Percent of People with Each Score
Percentile by Number Answered
Your Score History
You have not taken this quiz since the last reset